| 000 | 01011nam a2200229 a 4500 | ||
|---|---|---|---|
| 001 | 000029155 | ||
| 005 | 20250621074008.0 | ||
| 008 | 110413s2001 dr r 000 0 spa d | ||
| 040 |
_aDO-SdBNP _bspa _cBNPHU |
||
| 082 |
_a352.34 _bO96u |
||
| 100 | 1 |
_aOviedo, José _92671 |
|
| 245 | 1 | 0 |
_a¿Un Estado del siglo xix para el siglo xxi? : _bla gestión pública y el reto dominicano / _cJosé Oviedo. |
| 260 |
_aSanto Domingo : _bParticipación Ciudadana, Programa de Transparencia de la Gestión Pública, _c2001. |
||
| 300 |
_a44 p. ; _c21 cm. |
||
| 504 | _aIncluye referencias bibliográficas y notas al pie de páginas. | ||
| 650 | 4 |
_aPolítica pública _zRepública Dominicana _956065 |
|
| 650 | 4 |
_aProgramas sociales _zRepública Dominicana _956066 |
|
| 650 | 4 |
_aPolítica social _zRepública Dominicana _911024 |
|
| 650 | 4 |
_aAdministración pública _xToma de decisiones _zRepública Dominicana _956067 |
|
| 651 | 0 |
_aRepública Dominicana _xPolítica y gobierno _945 |
|
| 910 | _aValidado. Control de calidad. EMS | ||
| 999 |
_c28647 _d28647 |
||